| 000 | 00388nam a2200145Ia 4500 | ||
|---|---|---|---|
| 005 | 20250320014411.0 | ||
| 008 | 240331s9999 xx 000 0 und d | ||
| 082 |
_bMOU _a894 |
||
| 100 | _aMounaguru, C | ||
| 245 | 0 | _aKaala ottathinoode oru kavignan | |
| 260 |
_aMadras _bNational Art & Literary Association by South Asian Books _c1994 |
||
| 300 | _a96 p ., | ||
| 650 | _aPoems | ||
| 942 | _cL | ||
| 999 |
_c4076 _d4076 |
||